| 000 | 00628ngm a2200169 a 4500 | ||
|---|---|---|---|
| 005 | 20220518144325.0 | ||
| 008 | 010906s1992 mx 006 aaspa d | ||
| 035 | _aUPN01000111016 | ||
| 049 | _aAV | ||
| 050 | 4 | _aPVI Q 01065 | |
| 245 | 0 | 0 | _aBuscando la luz. |
| 260 |
_aMéxico : _bEbesa [distribuidor], _cc1992. |
||
| 300 |
_a1 videocasete (VHS) (6 min.) : _bson., col. |
||
| 520 | _a¿Cuáles son las fuentes que producen la luz? ¿Podemos crear nuestra propia luz? ¿Qué diferencias hay entre objetos opacos, transparentes o translúcidos? Aquí encontrarás la respuesta | ||
| 650 | 2 |
_aLuz _919175 |
|
| 905 | _aAudiovisuales | ||
| 999 |
_c84925 _d84925 |
||